000 00751cam a2200253 a 4500
001 000009829
005 20200929161725.0
008 740131s1976 sp 001 f spa d
035 _a(OCoLC)786349
040 _aDO-SdBNP
_cMeWC
_dDLC
_dBNPHU
082 _a863.5
_bP438a, 1976
100 1 _aPérez Galdós, Benito,
_d1843-1920
_93681
245 1 3 _aEl amigo Manso /
_cBenito Pérez Galdós.
250 _a2a ed.
260 _aMadrid :
_bAlianza,
_c1976.
300 _a306 p. ;
_c18 cm.
490 1 _aLibro de bolsillo. Literatura
_v364
650 4 _aNovela española
_91123
650 4 _aLiteratura española
_9632
830 0 _aEl Libro de bolsillo. Literatura ;
_v364
_924743
910 _aCatalogación derivada
910 _aWM
049 _aBNGR
999 _c9588
_d9588